Design of concrete structures (Record no. 3628)

000 -LEADER
fixed length control field 00663nam a2200229 a 4500
001 - CONTROL NUMBER
control field 3628
003 - CONTROL NUMBER IDENTIFIER
control field BD-DhUET
008 - FIXED-LENGTH DATA ELEMENTS--GENERAL INFORMATION
fixed length control field 850621s1985 enka b 101 0 eng
020 ## - INTERNATIONAL STANDARD BOOK NUMBER
International Standard Book Number 007Y665486
040 ## - CATALOGING SOURCE
Original cataloging agency DLC
Transcribing agency DLC
Modifying agency BD-DhUET
082 00 - DEWEY DECIMAL CLASSIFICATION NUMBER
Classification number 624.183
Item number NIL/1986
100 ## - MAIN ENTRY--PERSONAL NAME
Personal name Nilson, Arthur H.
245 00 - TITLE STATEMENT
Title Design of concrete structures
Statement of responsibility, etc. by Arthur H. Nilson and George Winter
250 ## - EDITION STATEMENT
Edition statement 10th ed.
260 ## - PUBLICATION, DISTRIBUTION, ETC. (IMPRINT)
Place of publication, distribution, etc. New York:
Name of publisher, distributor, etc. McGraw Hill Book Company,
Date of publication, distribution, etc. 1986.
300 ## - PHYSICAL DESCRIPTION
Extent xi, 380 p. :
Other physical details ill. ;
Dimensions 23 cm.
490 ## - SERIES STATEMENT
Series statement Civil engineering series
504 ## - BIBLIOGRAPHY, ETC. NOTE
Bibliography, etc Includes bibliographies
650 #0 - SUBJECT ADDED ENTRY--TOPICAL TERM
Topical term or geographic name as entry element Reinforced concrete
700 ## - ADDED ENTRY--PERSONAL NAME
Personal name Winter, George
942 ## - ADDED ENTRY ELEMENTS (KOHA)
Koha item type General Book
Holdings
Koha renewals Damaged status Not for loan Koha out on loan Shelving location Koha normalized classification for sorting Source of classification or shelving scheme Koha item type Withdrawn status Location (home branch) Koha full call number Sublocation or collection (holding branch) Koha date last seen Koha date last borrowed Piece designation (barcode) Lost status Copy number Date acquired Price effective from Koha issues (times borrowed)
1  2027-02-23Circulation section624_000000000000000_183NIL1986 General Book Central Library, BUET624.183/NIL/1986Central Library, BUET2026-02-232026-02-2377873 12014-11-022014-11-026
    Rental section624_183000000000000_NIL_1986 Rental Item Central Library, BUET624.183 NIL/1986Central Library, BUET2024-12-04 77816 ১০/ক-১1990-10-232024-12-04 
    Rental section624_183000000000000_NIL_1986 Rental Item Central Library, BUET624.183 NIL/1986Central Library, BUET2024-12-04 77817 ১০/ক-২1990-10-232024-12-04 
    Rental section624_183000000000000_NIL_1986 Rental Item Central Library, BUET624.183 NIL/1986Central Library, BUET2024-12-04 77818 ১০/ক-৩1990-10-232024-12-04 
    Rental section624_183000000000000_NIL_1986 Rental Item Central Library, BUET624.183 NIL/1986Central Library, BUET2024-12-04 77819 ১০/ক-৪1990-10-232024-12-04 
    Rental section624_183000000000000_NIL_1986 Rental Item Central Library, BUET624.183 NIL/1986Central Library, BUET2024-12-04 77820 ১০/ক-৫1990-10-232024-12-04 
    Rental section624_183000000000000_NIL_1986 Rental Item Central Library, BUET624.183 NIL/1986Central Library, BUET2024-12-04 77821 ১০/ক-৬1990-10-232024-12-04 
    Rental section624_183000000000000_NIL_1986 Rental Item Central Library, BUET624.183 NIL/1986Central Library, BUET2024-12-04 77822 ১০/ক-৭1990-10-232024-12-04 
    Rental section624_183000000000000_NIL_1986 Rental Item Central Library, BUET624.183 NIL/1986Central Library, BUET2024-12-04 77823 ১০/ক-৮1990-10-232024-12-04 
    Rental section624_183000000000000_NIL_1986 Rental Item Central Library, BUET624.183 NIL/1986Central Library, BUET2024-12-04 77824 ১০/ক-৯1990-10-232024-12-04 
    Rental section624_183000000000000_NIL_1986 Rental Item Central Library, BUET624.183 NIL/1986Central Library, BUET2024-12-04 77825 ১০/ক-১০1990-10-232024-12-04 
    Rental section624_183000000000000_NIL_1986 Rental Item Central Library, BUET624.183 NIL/1986Central Library, BUET2024-12-04 77826 ১০/ক-১১1990-10-232024-12-04 
    Rental section624_183000000000000_NIL_1986 Rental Item Central Library, BUET624.183 NIL/1986Central Library, BUET2024-12-04 77827 ১০/ক-১২1990-10-232024-12-04 
    Rental section624_183000000000000_NIL_1986 Rental Item Central Library, BUET624.183 NIL/1986Central Library, BUET2024-12-04 77828 ১০/ক-১৩1990-10-232024-12-04 
    Rental section624_183000000000000_NIL_1986 Rental Item Central Library, BUET624.183 NIL/1986Central Library, BUET2024-12-04 77829 ১০/ক-১৪1990-10-232024-12-04 
    Rental section624_183000000000000_NIL_1986 Rental Item Central Library, BUET624.183 NIL/1986Central Library, BUET2024-12-04 77830 ১০/ক-১৫1990-10-232024-12-04 
    Rental section624_183000000000000_NIL_1986 Rental Item Central Library, BUET624.183 NIL/1986Central Library, BUET2024-12-04 77831 ১০/ক-১৬1990-10-232024-12-04 
    Rental section624_183000000000000_NIL_1986 Rental Item Central Library, BUET624.183 NIL/1986Central Library, BUET2024-12-04 77832 ১০/ক-১৭1990-10-232024-12-04 
    Rental section624_183000000000000_NIL_1986 Rental Item Central Library, BUET624.183 NIL/1986Central Library, BUET2024-12-04 77833 ১০/ক-১৮1990-10-232024-12-04 
    Rental section624_183000000000000_NIL_1986 Rental Item Central Library, BUET624.183 NIL/1986Central Library, BUET2024-12-04 77834 ১০/ক-১৯1990-10-232024-12-04 
    Rental section624_183000000000000_NIL_1986 Rental Item Central Library, BUET624.183 NIL/1986Central Library, BUET2024-12-04 77835 ১০/ক-২০1990-10-232024-12-04